Loading...
| Literature - British | 0 | 7 | 1 | 0 | 65 | 23 | 66.57 | 1 | 2 | 29.84 | 41.11 |
| Literature - American | 0 | 5 | 0 | 0 | 50 | 38 | 56.20 | 1 | 3 | 26.26 | 34.44 |
| Fine Arts - Other | 0 | 4 | 0 | 0 | 40 | 12 | 55.75 | 3 | 3 | 21.95 | 34.44 |
| History - American | 0 | 4 | 0 | 0 | 40 | 44 | 54.75 | 1 | 2 | 19.63 | 28.89 |
| Literature - World | 0 | 4 | 1 | 0 | 35 | 49 | 78.50 | 1 | 2 | 13.30 | 24.44 |
| Religion | 0 | 3 | 0 | 0 | 30 | 72 | 101.33 | 0 | 1 | 3.01 | 10.00 |
| Literature - European | 0 | 3 | 0 | 0 | 30 | 53 | 62.67 | 0 | 1 | 13.53 | 20.00 |
| History - Other | 0 | 2 | 1 | 0 | 15 | 70 | 72.00 | 0 | 0 | 7.19 | 5.56 |
| Philosophy | 0 | 2 | 1 | 0 | 15 | 51 | 78.00 | 0 | 1 | 5.50 | 7.41 |
| Current Events | 0 | 1 | 0 | 0 | 10 | 109 | 109.00 | 0 | 0 | 0.00 | 2.78 |
| History - European | 0 | 1 | 0 | 0 | 10 | 68 | 68.00 | 0 | 0 | 3.98 | 1.11 |
| History - World | 0 | 1 | 0 | 0 | 10 | 64 | 64.00 | 0 | 0 | 3.90 | 4.44 |
| Mythology | 0 | 1 | 0 | 0 | 10 | 97 | 97.00 | 0 | 0 | 1.78 | 4.44 |
| Science - Biology | 0 | 1 | 0 | 1 | 10 | 93 | 93.00 | 0 | 0 | 0.11 | 1.11 |
| Science - Other | 0 | 1 | 0 | 0 | 10 | 50 | 50.00 | 0 | 1 | 6.21 | 6.67 |
| Fine Arts - Classical Music | 0 | 1 | 1 | 0 | 5 | 117 | 117.00 | 0 | 0 | 0.33 | 2.22 |
| Science - Chemistry | 0 | 0 | 0 | 0 | 0 | 0.00 | 0 | 0 | 0.00 | 0.00 | |
| Social Science | 0 | 0 | 1 | 0 | -5 | 0.00 | 0 | 0 | 0.00 | 0.00 |